[Event "Bad Woerishofen op"]
[Site "?"]
[Date "2000.??.??"]
[Round "4"]
[White "Schoenstein, Thomas"]
[Black "Wissinger, Peter"]
[Result "0-1"]
[WhiteElo "1750"]
[BlackElo "2060"]
[PlyCount "48"]
[EventDate "2000.??.??"]

1. d4 Nf6 2. c4 g6 3. Nc3 Bg7 4. e4 d6 5. f3 O-O 6. Be3 c6 7. Qd2 Re8 8. Nge2
Qc7 9. O-O-O Nbd7 10. g4 b5 11. cxb5 cxb5 12. Kb1 b4 13. Na4 Qa5 14. b3 Nb6 15.
Nxb6 axb6 16. Nf4 Bxg4 17. Be2 Bd7 18. e5 Bf5+ 19. Ka1 dxe5 20. dxe5 Nd7 21.
Qb2 Bxe5 22. Rd4 Nc5 23. Rhd1 Qa3 24. Nd5 Nxb3+ 0-1

[Event "Bad Woerishofen op"]
[Site "?"]
[Date "2000.??.??"]
[Round "8"]
[White "Schoenstein, Thomas"]
[Black "Dubois, Martine"]
[Result "0-1"]
[WhiteElo "1750"]
[BlackElo "2093"]
[PlyCount "94"]
[EventDate "2000.??.??"]

1. e4 d5 2. exd5 Qxd5 3. Nc3 Qd6 4. Nf3 Nf6 5. d3 Nc6 6. g3 Bg4 7. Bg2 Nd4 8.
O-O O-O-O 9. Be3 e5 10. Bxd4 exd4 11. Nb1 g6 12. Nbd2 Bg7 13. Nc4 Qd5 14. Nfe5
Qxg2+ 15. Kxg2 Bxd1 16. Raxd1 Rhf8 17. Rfe1 Nd5 18. Rd2 Rde8 19. Rde2 b5 20.
Na5 Bxe5 21. Rxe5 Ne3+ 22. R5xe3 dxe3 23. fxe3 Re6 24. Nb3 b4 25. Nc5 Re7 26.
Na6 Rfe8 27. Kf3 Re6 28. Nc5 Rf6+ 29. Kg2 Re5 30. d4 Ref5 31. Ne4 Ra6 32. g4
Rb5 33. Rf1 f5 34. gxf5 Rxf5 35. Rxf5 gxf5 36. Nc5 Rxa2 37. Nd3 a5 38. Kg3 Kd7
39. Kf4 Ke6 40. c3 bxc3 41. bxc3 Rxh2 42. c4 Kf6 43. Nc5 Rf2+ 44. Kg3 Rc2 45.
Nd7+ Ke6 46. Nc5+ Kf6 47. Nd7+ Kg5 0-1

[Event "Bad Woerishofen op"]
[Site "?"]
[Date "2000.??.??"]
[Round "9"]
[White "Schoenstein, Thomas"]
[Black "Salomon, Heide"]
[Result "1-0"]
[WhiteElo "1750"]
[BlackElo "1542"]
[PlyCount "120"]
[EventDate "2000.??.??"]

1. e4 e5 2. Nf3 Nf6 3. Nxe5 d6 4. Nxf7 Kxf7 5. d4 Be7 6. Qf3 Bg4 7. Qb3+ Ke8 8.
Nc3 Nbd7 9. Bg5 Nb6 10. f3 Bd7 11. O-O-O a5 12. Nb5 a4 13. Qe3 Bxb5 14. Bxb5+
c6 15. Be2 Kd7 16. Bxf6 Bxf6 17. c4 Re8 18. e5 Qe7 19. f4 Kc7 20. Qh3 dxe5 21.
dxe5 Qb4 22. a3 Qc5 23. Rd2 Bxe5 24. fxe5 Rxe5 25. Qg3 Nxc4 26. Rc2 Qe3+ 27.
Qxe3 Nxe3 28. Rd2 Rae8 29. Bf3 Nc4 30. Rd4 Na5 31. Rxa4 Rc5+ 32. Kd1 Rd8+ 33.
Ke2 Rc2+ 34. Ke3 Nc4+ 35. Kf4 Rd4+ 36. Kg3 Rxb2 37. Rc1 b5 38. Ra7+ Kb6 39.
Rxg7 Nxa3 40. Rxc6+ Ka5 41. Rxh7 Rd3 42. Ra7+ Kb4 43. h4 Nc2 44. h5 Ne1 45. Kf4
Nxg2+ 46. Bxg2 Rxg2 47. h6 Rd8 48. Rg7 Rf8+ 49. Ke5 Rh2 50. Rh7 Rh5+ 51. Ke6
Rf1 52. Rb6 Rg1 53. Kf7 Kb3 54. Rh8 b4 55. Rg6 Rf5+ 56. Kg7 Re1 57. h7 Re7+ 58.
Kh6 Rf3 59. Rg5 Rff7 60. Rg3+ Kc2 1-0

[Event "Bad Woerishofen op"]
[Site "Bad Woerishofen"]
[Date "2000.??.??"]
[Round "1"]
[White "Schoettker, Jochen"]
[Black "Dittmar, Peter"]
[Result "0-1"]
[WhiteElo "1938"]
[BlackElo "2308"]
[PlyCount "54"]
[EventDate "1998.03.05"]
[Source "ChessBase"]
[SourceDate "1998.04.29"]

1. Nf3 c5 2. g3 Nc6 3. d4 cxd4 4. Nxd4 e5 5. Nxc6 dxc6 6. Qxd8+ Kxd8 7. Bg2 Bf5
8. e4 Be6 9. Be3 Nf6 10. h3 Nd7 11. a3 Bc5 12. Bxc5 Nxc5 13. Nc3 a5 14. f4 f6
15. Ke2 Ke7 16. Ke3 a4 17. f5 Bf7 18. Bf1 Rhd8 19. Be2 Rd4 20. Rad1 Rad8 21.
Bd3 Bb3 22. Rh2 Nxd3 23. Rxd3 Bxc2 24. Rdd2 Rd3+ 25. Rxd3 Rxd3+ 26. Ke2 Rxg3
27. Kd2 Bd3 0-1

[Event "Bad Woerishofen op"]
[Site "?"]
[Date "2000.??.??"]
[Round "4"]
[White "Schoettker, Jochen"]
[Black "Salomon, Heide"]
[Result "0-1"]
[WhiteElo "1938"]
[BlackElo "1542"]
[PlyCount "106"]
[EventDate "2000.??.??"]

1. d4 Nf6 2. Bg5 d5 3. Bxf6 exf6 4. e3 Be6 5. Nf3 Bd6 6. Nbd2 Nd7 7. Be2 Qe7 8.
b3 c6 9. O-O g5 10. c4 h5 11. e4 dxe4 12. Nxe4 Bc7 13. d5 Bxd5 14. cxd5 Qxe4
15. d6 Bb6 16. Bd3 Qd5 17. Re1+ Ne5 18. Bc4 Qxd1 19. Raxd1 O-O-O 20. Nxe5 fxe5
21. Rxe5 f6 22. Re7 Bc5 23. d7+ Kc7 24. Rg7 Bd6 25. Be6 Rhf8 26. h3 h4 27. Kf1
Bb4 28. Rd3 Bd6 29. Ke2 b6 30. Kf3 Bc5 31. Rd2 Bd6 32. Kg4 Be5 33. Rh7 Rh8 34.
Rxh8 Rxh8 35. Bf7 Kd8 36. Kf5 Ke7 37. Be8 Kd8 38. Kg6 c5 39. Rd5 Bd4 40. Kg7
Rxe8 41. dxe8=Q+ Kxe8 42. Rf5 Ke7 43. Rf3 Ke6 44. Kg6 b5 45. Rd3 Bxf2 46. Kh5
Ke5 47. Kg4 Ke4 48. Rd2 Bd4 49. g3 hxg3 50. Kxg3 c4 51. bxc4 bxc4 52. a4 Ke3
53. Rd1 c3 0-1

[Event "Bad Woerishofen op"]
[Site "?"]
[Date "2000.??.??"]
[Round "6"]
[White "Schoettker, Jochen"]
[Black "Jakobi, Reik"]
[Result "1-0"]
[WhiteElo "1938"]
[BlackElo "1730"]
[PlyCount "85"]
[EventDate "2000.??.??"]

1. d4 f5 2. e4 fxe4 3. Nc3 d5 4. Qh5+ g6 5. Qxd5 Nf6 6. Qxd8+ Kxd8 7. Bf4 Nc6
8. O-O-O Ng4 9. Nh3 Bg7 10. Nxe4 Rf8 11. Be2 Nb4 12. a3 Nd5 13. Bg3 Bh6+ 14.
Kb1 Bf5 15. Bd3 b5 16. Nc5 Bxd3 17. Ne6+ Ke8 18. Nxf8 Bf5 19. Nxh7 b4 20. axb4
Rb8 21. N7g5 Rxb4 22. Kc1 Rc4 23. c3 a5 24. Kd2 a4 25. Ra1 Kd7 26. Ke2 Kc6 27.
Nf7 Nxc3+ 28. bxc3 Rxc3 29. Nxh6 Nxh6 30. Rhc1 Rxc1 31. Rxc1+ Kb5 32. Bxc7 Kb4
33. Be5 e6 34. Nf4 Nf7 35. Nd3+ Bxd3+ 36. Kxd3 Nxe5+ 37. dxe5 Kb3 38. Rc3+ Kb2
39. h4 a3 40. g4 a2 41. Rc2+ Kb1 42. Rxa2 Kxa2 43. h5 1-0

[Event "Bad Woerishofen op"]
[Site "?"]
[Date "2000.??.??"]
[Round "8"]
[White "Schoettker, Jochen"]
[Black "Hilbig, Olaf"]
[Result "1-0"]
[WhiteElo "1938"]
[BlackElo "2234"]
[PlyCount "75"]
[EventDate "2000.??.??"]

1. Nf3 Nf6 2. g3 g6 3. Bg2 Bg7 4. O-O O-O 5. d3 c5 6. c4 Nc6 7. Nc3 d5 8. cxd5
Nxd5 9. Bd2 Nxc3 10. Bxc3 e5 11. Rc1 Be6 12. a3 Rc8 13. Qa4 a6 14. b4 cxb4 15.
axb4 Nd4 16. Bxd4 exd4 17. Nd2 Bh6 18. Rxc8 Bxc8 19. Ne4 Qe7 20. Bf3 b5 21. Qa5
Kg7 22. Ra1 Bb7 23. Qb6 Rd8 24. Nc5 Bxf3 25. exf3 Rd6 26. Qb8 Bd2 27. Rxa6 Rxa6
28. Nxa6 Qe2 29. Nc5 Qxf3 30. Qxb5 Qd5 31. Qb6 f5 32. Ne6+ Kh6 33. Nxd4 Kg5 34.
Qc5 Qb7 35. b5 Kg4 36. Qc6 Qe7 37. Kg2 h5 38. h4 1-0

[Event "Bad Woerishofen op"]
[Site "Bad Woerishofen"]
[Date "2000.??.??"]
[Round "1"]
[White "Schuetz, Robert"]
[Black "Goy, Udo"]
[Result "0-1"]
[WhiteElo "1690"]
[BlackElo "2151"]
[PlyCount "76"]
[EventDate "1998.03.05"]
[Source "ChessBase"]
[SourceDate "1998.04.29"]

1. d4 c5 2. e3 e6 3. Nf3 Nf6 4. Nbd2 Nc6 5. c3 d5 6. Bd3 Qc7 7. e4 cxd4 8. Nxd4
Be7 9. Nxc6 bxc6 10. Qe2 a5 11. O-O Nd7 12. exd5 cxd5 13. Re1 O-O 14. Nf3 Nc5
15. Ng5 h6 16. Nf3 Nxd3 17. Qxd3 Bf6 18. Be3 Ba6 19. Qd2 Rfe8 20. Nd4 Qc4 21.
Qe2 Qxe2 22. Nxe2 Rab8 23. Nd4 Rxb2 24. Reb1 Reb8 25. Rxb2 Rxb2 26. Bc1 Rb7 27.
Ba3 Rc7 28. Bb2 a4 29. a3 Rb7 30. Bc1 e5 31. Nf3 Rb3 32. Bd2 Be2 33. Ne1 e4 34.
Ra2 Bc4 35. Ra1 Be7 36. Nc2 Rb2 37. Rc1 Bb3 38. Nb4 Rxd2 0-1

[Event "Bad Woerishofen op"]
[Site "?"]
[Date "2000.??.??"]
[Round "3"]
[White "Schuetz, Robert"]
[Black "Weiss, Hans"]
[Result "1/2-1/2"]
[WhiteElo "1690"]
[BlackElo "1810"]
[PlyCount "82"]
[EventDate "2000.??.??"]

1. d4 Nf6 2. Nf3 g6 3. c4 Bg7 4. Nc3 d6 5. e4 O-O 6. Be2 Nc6 7. d5 Nb8 8. O-O
c5 9. a3 a5 10. Ne1 Ne8 11. Qc2 e5 12. Nd3 f5 13. b4 axb4 14. Nb5 fxe4 15. Ne1
Bf5 16. g4 Bd7 17. Qxe4 Nf6 18. Qb1 Bxb5 19. cxb5 bxa3 20. Bxa3 Nbd7 21. Nc2
Nb6 22. Ne3 Kh8 23. Qb3 Ne4 24. Qc2 Ng5 25. Kg2 Qf6 26. Bb2 Rxa1 27. Bxa1 Nf3
28. Qe4 Nd4 29. Bd3 Qf3+ 30. Qxf3 Nxf3 31. Bc3 Na4 32. Ba1 Nd2 33. Rd1 Nb3 34.
Bc2 Nxa1 35. Bxa4 e4 36. Nc4 Ra8 37. Nb6 Rf8 38. Re1 Bd4 39. Re2 g5 40. Nc4 Ra8
41. Nb6 Rf8 1/2-1/2

[Event "Bad Woerishofen op"]
[Site "?"]
[Date "2000.??.??"]
[Round "5"]
[White "Schuetz, Robert"]
[Black "Schoettker, Jochen"]
[Result "0-1"]
[WhiteElo "1690"]
[BlackElo "1938"]
[PlyCount "74"]
[EventDate "2000.??.??"]

1. d4 d5 2. Nf3 c6 3. c4 e6 4. b3 Nf6 5. e3 Nbd7 6. Bd3 Qa5+ 7. Bd2 Qc7 8. Bc3
b6 9. Nbd2 Bb7 10. O-O c5 11. Rc1 Rc8 12. cxd5 exd5 13. dxc5 bxc5 14. Qe2 Be7
15. Bf5 O-O 16. Ng5 Rcd8 17. Ndf3 h6 18. Rfe1 hxg5 19. Nxg5 g6 20. Bxg6 fxg6
21. Qd3 Ne4 22. Nxe4 dxe4 23. Qc4+ Rf7 24. Qe6 Qd6 25. Qh3 Rh7 26. Qg4 Qxh2+
27. Kf1 Qh1+ 28. Ke2 Qh5 29. Qxh5 Rxh5 30. Rh1 Ba6+ 31. Kd2 Ne5+ 32. Kc2 Nd3
33. Rxh5 gxh5 34. Rh1 Rd5 35. f3 Nb4+ 36. Bxb4 cxb4 37. fxe4 Bd3+ 0-1

[Event "Bad Woerishofen op"]
[Site "?"]
[Date "2000.??.??"]
[Round "7"]
[White "Schuetz, Robert"]
[Black "Woelk, Peter"]
[Result "1/2-1/2"]
[WhiteElo "1690"]
[BlackElo "1549"]
[PlyCount "59"]
[EventDate "2000.??.??"]

1. d4 Nf6 2. Nf3 g6 3. c4 Bg7 4. Nc3 d5 5. cxd5 Nxd5 6. e4 Nxc3 7. bxc3 c5 8.
Rb1 cxd4 9. cxd4 O-O 10. Bc4 Nd7 11. O-O Nb6 12. Bb3 Bg4 13. Be3 Rc8 14. h3 Bd7
15. Qd2 e6 16. Rbc1 Bc6 17. Bg5 Qd7 18. Rfe1 Rfe8 19. Rcd1 Ba4 20. Bxa4 Qxa4
21. Rc1 Nc4 22. Qc2 Qc6 23. Nd2 b5 24. Nxc4 bxc4 25. e5 a6 26. Qc3 Qa4 27. Rc2
Rc6 28. Rb1 Rec8 29. Rcb2 R6c7 30. Rc2 1/2-1/2

[Event "Bad Woerishofen op"]
[Site "?"]
[Date "2000.??.??"]
[Round "9"]
[White "Schuetz, Robert"]
[Black "Fries, Werner"]
[Result "1-0"]
[WhiteElo "1690"]
[BlackElo "1588"]
[PlyCount "114"]
[EventDate "2000.??.??"]

1. d4 Nf6 2. Nf3 d5 3. e3 Bg4 4. c4 e6 5. Qb3 Nbd7 6. cxd5 Bxf3 7. dxe6 Bd5 8.
exd7+ Qxd7 9. Qd1 Bd6 10. Nc3 Bb4 11. Bd2 Bxc3 12. bxc3 O-O 13. f3 Rfe8 14. Bd3
Nh5 15. Kf2 f5 16. Re1 Qf7 17. Qc2 g6 18. Kg1 c6 19. e4 fxe4 20. fxe4 Bc4 21.
Bxc4 Qxc4 22. Qb3 b5 23. Qxc4+ bxc4 24. Rab1 Rab8 25. e5 Ng7 26. Rb4 Rxb4 27.
cxb4 Ne6 28. Bc3 Nf4 29. a3 Nd5 30. Ba1 Rf8 31. Rf1 c3 32. Rxf8+ Kxf8 33. Kf2
c2 34. Bb2 Nc3 35. Ke1 Ne4 36. Ke2 Ke7 37. Kd3 Nf2+ 38. Kxc2 Ng4 39. Kd3 Nxh2
40. Kc4 Ng4 41. Bc1 Ke6 42. Kc5 Nf2 43. Kxc6 Ne4 44. Bb2 Ke7 45. d5 Nd2 46. d6+
Kd8 47. e6 Ne4 48. Kd5 Nxd6 49. Kxd6 h6 50. Bf6+ Ke8 51. Kc6 g5 52. Kb7 g4 53.
Kxa7 h5 54. b5 h4 55. Bxh4 g3 56. b6 Kf8 57. b7 Kg7 1-0

[Event "Bad Woerishofen op"]
[Site "Bad Woerishofen"]
[Date "2000.??.??"]
[Round "1"]
[White "Schuster, Gerhard"]
[Black "Stiepan, Hans-Michael"]
[Result "1-0"]
[WhiteElo "2137"]
[BlackElo "1644"]
[PlyCount "61"]
[EventDate "1998.03.05"]
[Source "ChessBase"]
[SourceDate "1998.04.29"]

1. e4 e5 2. Nf3 Nf6 3. Nxe5 d6 4. Nf3 Nxe4 5. d4 d5 6. Bd3 Be7 7. O-O Nc6 8. c4
Nb4 9. Bxe4 dxe4 10. Ne5 O-O 11. a3 f6 12. axb4 fxe5 13. dxe5 Bxb4 14. Qb3 Qe7
15. c5+ Kh8 16. Qxb4 Bd7 17. Qxb7 Qxc5 18. Be3 Qxe5 19. Nc3 Qf6 20. Rxa7 Bc6
21. Qxc7 Rac8 22. Qe7 Qg6 23. Rc7 Rce8 24. Qg5 Qxg5 25. Bxg5 Ba8 26. Rd1 Re6
27. Rdd7 Rg6 28. Be3 h6 29. h4 h5 30. Nd5 Bc6 31. Ne7 1-0

[Event "Bad Woerishofen op"]
[Site "?"]
[Date "2000.??.??"]
[Round "3"]
[White "Schuster, Gerhard"]
[Black "Probst, Joachim"]
[Result "1/2-1/2"]
[WhiteElo "2137"]
[BlackElo "1850"]
[PlyCount "127"]
[EventDate "2000.??.??"]

1. e4 c6 2. d4 d5 3. Nd2 dxe4 4. Nxe4 Bf5 5. Ng3 Bg6 6. h4 h6 7. f4 Nf6 8. h5
Bh7 9. Nf3 e6 10. Ne5 Bd6 11. Bd3 Bxd3 12. Qxd3 Nbd7 13. Be3 Qc7 14. O-O-O Rf8
15. Ne4 Nxe4 16. Qxe4 Nf6 17. Qf3 O-O-O 18. g4 Nd5 19. Rhf1 Qa5 20. Kb1 Nb4 21.
a3 Nd5 22. Nc4 Qb5 23. Nxd6+ Rxd6 24. Bd2 Rfd8 25. g5 Nb6 26. gxh6 gxh6 27. f5
Nc4 28. Bc3 Nxa3+ 29. Kc1 Nc4 30. b3 Nb6 31. Bb2 c5 32. c4 Qb4 33. dxc5 Rxd1+
34. Rxd1 Rxd1+ 35. Qxd1 Qxc5 36. fxe6 fxe6 37. Bd4 Qg5+ 38. Kb2 Qg2+ 39. Ka3
Qh3 40. Kb4 Qf5 41. Bxb6 axb6 42. Kc3 Qe5+ 43. Qd4 Qxh5 44. Qxb6 Qe5+ 45. Kb4
h5 46. Qg1 Kc7 47. Qg8 Qd6+ 48. Kc3 Kb6 49. b4 Qe5+ 50. Kc2 Qe2+ 51. Kc3 Qe1+
52. Kb3 Ka7 53. Qd8 Qe3+ 54. Kc2 Qe5 55. b5 Qe2+ 56. Kc3 Qe3+ 57. Kc2 Qb6 58.
Qd1 Qc5 59. Kb3 Kb6 60. Qd8+ Ka7 61. Qa5+ Kb8 62. Qd8+ Qc8 63. Qd6+ Qc7 64.
Qxe6 1/2-1/2

[Event "Bad Woerishofen op"]
[Site "?"]
[Date "2000.??.??"]
[Round "5"]
[White "Schuster, Gerhard"]
[Black "Beck, Alexander"]
[Result "1/2-1/2"]
[WhiteElo "2137"]
[BlackElo "1932"]
[PlyCount "82"]
[EventDate "2000.??.??"]

1. e4 c5 2. Nf3 Nc6 3. Bb5 Nd4 4. Nxd4 cxd4 5. c3 Qb6 6. Qe2 Nf6 7. Bc4 e5 8.
cxd4 Qxd4 9. Nc3 Bb4 10. O-O O-O 11. Nd5 Nxd5 12. Bxd5 d6 13. d3 Qb6 14. Be3
Bc5 15. b4 Bxe3 16. Qxe3 Qxb4 17. Rfc1 Qa5 18. Rab1 Rb8 19. d4 Be6 20. dxe5
Bxd5 21. exd5 dxe5 22. Qxe5 Rfe8 23. Qd4 Rbd8 24. d6 b6 25. a4 h6 26. h3 Qe5
27. Qxe5 Rxe5 28. Rc7 Ra5 29. d7 Kf8 30. Re1 Rd5 31. Rxa7 R5xd7 32. Rxd7 Rxd7
33. Rb1 Rd6 34. Rb5 Ke7 35. Kf1 Kd7 36. a5 bxa5 37. Rxa5 Ke6 38. Ke2 Rb6 39.
Ke3 g5 40. g3 f5 41. Ra8 Rb3+ 1/2-1/2

[Event "Bad Woerishofen op"]
[Site "?"]
[Date "2000.??.??"]
[Round "7"]
[White "Schuster, Gerhard"]
[Black "Lutzenberger, Reimund"]
[Result "1-0"]
[WhiteElo "2137"]
[BlackElo "2255"]
[PlyCount "120"]
[EventDate "2000.??.??"]

1. e4 e6 2. d4 d5 3. Nc3 Nf6 4. Bg5 Bb4 5. e5 h6 6. Bd2 Bxc3 7. bxc3 Ne4 8. Qg4
g6 9. Bd3 Nxd2 10. Kxd2 c5 11. h4 Bd7 12. Rh3 Qe7 13. Rb1 Bc6 14. f4 Nd7 15. h5
c4 16. Be2 O-O-O 17. hxg6 fxg6 18. Qxg6 Rdg8 19. Qh5 Rxg2 20. Nf3 Nf8 21. Nh4
Rg7 22. f5 Qg5+ 23. Re3 Qxh5 24. Bxh5 Rg5 25. Bf7 Rg4 26. Ng6 Rh7 27. Ne7+ Kc7
28. fxe6 Rg2+ 29. Re2 Rxe2+ 30. Kxe2 Nxe6 31. Nxc6 Rxf7 32. Nxa7 Nf4+ 33. Ke3
Ng2+ 34. Ke2 Nf4+ 35. Kd2 Ng2 36. Nb5+ Kd7 37. Rh1 Rf2+ 38. Kc1 Ne3 39. Rxh6
Rxc2+ 40. Kb1 Re2 41. a4 Re1+ 42. Kb2 Re2+ 43. Kc1 Rc2+ 44. Kb1 Re2 45. Rd6+
Kc8 46. Rb6 Kb8 47. a5 Re1+ 48. Kb2 Re2+ 49. Kc1 Ra2 50. Nd6 Rc2+ 51. Kb1 Rxc3
52. Rxb7+ Ka8 53. e6 Ng4 54. a6 Re3 55. Nc8 Rxe6 56. Nb6+ Rxb6+ 57. Rxb6 Ka7
58. Rd6 Ne3 59. Kb2 Nd1+ 60. Kc2 Nf2 1-0

[Event "Bad Woerishofen op"]
[Site "?"]
[Date "2000.??.??"]
[Round "9"]
[White "Schuster, Gerhard"]
[Black "Stumpf, Heinz"]
[Result "1/2-1/2"]
[WhiteElo "2137"]
[BlackElo "2285"]
[PlyCount "23"]
[EventDate "2000.??.??"]

1. e4 d5 2. exd5 Qxd5 3. Nc3 Qa5 4. d4 c6 5. Nf3 Nf6 6. Bd2 Bf5 7. Bc4 e6 8.
Nd5 Qd8 9. Nxf6+ gxf6 10. Bf4 Bd6 11. Bg3 Qc7 12. Qe2 1/2-1/2

[Event "Bad Woerishofen op"]
[Site "?"]
[Date "2000.??.??"]
[Round "2"]
[White "Schwabe, Manfred"]
[Black "Porubszki, Georg"]
[Result "1/2-1/2"]
[WhiteElo "1719"]
[BlackElo "2003"]
[PlyCount "103"]
[EventDate "2000.??.??"]

1. Nf3 Nf6 2. b3 d6 3. d4 Bg4 4. Nbd2 Nbd7 5. Bb2 c6 6. g3 Qc7 7. Bg2 e6 8. O-O
d5 9. c4 Be7 10. h3 Bh5 11. Nh2 Bg6 12. Nhf3 O-O 13. Nh4 Be4 14. Nhf3 h6 15.
Nxe4 Nxe4 16. Nd2 f5 17. cxd5 exd5 18. e3 Ndf6 19. Nf3 Bd6 20. Ne5 Rfe8 21.
Bxe4 fxe4 22. Kg2 Kh7 23. Qc2 Kg8 24. Qe2 Bxe5 25. dxe5 Nd7 26. f4 exf3+ 27.
Qxf3 Rf8 28. Qh5 Rae8 29. Rxf8+ Rxf8 30. Qg4 Nxe5 31. Qe6+ Nf7 32. Rf1 Qd6 33.
Qg4 Ng5 34. h4 Rxf1 35. Kxf1 Qf8+ 36. Kg2 Ne4 37. Qf4 Qxf4 38. exf4 b5 39. Kf3
h5 40. g4 hxg4+ 41. Kxg4 g6 42. f5 Kf7 43. Kf4 gxf5 44. Kxf5 b4 45. Ke5 Nc3 46.
a3 a5 47. axb4 axb4 48. Kd6 d4 49. Kxc6 d3 50. Bc1 Ne2 51. Bd2 Nd4+ 52. Kd5
1/2-1/2

[Event "Bad Woerishofen op"]
[Site "?"]
[Date "2000.??.??"]
[Round "4"]
[White "Schwabe, Manfred"]
[Black "Elstner, Herbert"]
[Result "0-1"]
[WhiteElo "1719"]
[BlackElo "2126"]
[PlyCount "120"]
[EventDate "2000.??.??"]

1. c4 e5 2. Nc3 Nf6 3. g3 d5 4. cxd5 Nxd5 5. Bg2 Nb6 6. d3 Be7 7. Nf3 Nc6 8.
O-O O-O 9. Ne1 Be6 10. Nc2 f5 11. f4 Nd5 12. Kh1 exf4 13. Nxd5 Bxd5 14. Bxf4
Bf6 15. d4 Kh8 16. Be3 Bxg2+ 17. Kxg2 Qd5+ 18. Kg1 Rad8 19. Qd3 Bxd4 20. Nxd4
Nxd4 21. Rad1 c5 22. b3 Qe5 23. Bxd4 Rxd4 24. Qf3 b6 25. Rxd4 Qxd4+ 26. e3 Qb2
27. Rf2 Qb1+ 28. Kg2 Qd3 29. Qf4 g6 30. e4 Qd4 31. exf5 Qxf4 32. Rxf4 Rxf5 33.
Re4 Kg7 34. Re7+ Rf7 35. Re6 Rf6 36. Re7+ Rf7 37. Re6 Rd7 38. Re2 Kf7 39. Kf2
Re7 40. Rd2 Ke8 41. Kf3 Rd7 42. Ke3 Kd8 43. Rc2 Kc7 44. Kf3 Kc6 45. b4 Rd5 46.
bxc5 Rxc5 47. Rb2 Rd5 48. Rc2+ Kb7 49. Ke4 Rd7 50. Ke3 Ka6 51. Rf2 Ka5 52. h4
Ka4 53. g4 b5 54. h5 gxh5 55. gxh5 b4 56. Ke4 a5 57. Rf5 Rd2 58. Rf7 Rxa2 59.
Rxh7 Rh2 60. Kd3 Ka3 0-1

[Event "Bad Woerishofen op"]
[Site "?"]
[Date "2000.??.??"]
[Round "6"]
[White "Schwabe, Manfred"]
[Black "Mueller, Wolfgang"]
[Result "1/2-1/2"]
[WhiteElo "1719"]
[BlackElo "1493"]
[PlyCount "100"]
[EventDate "2000.??.??"]

1. Nf3 d5 2. g3 e6 3. Bg2 Nf6 4. O-O c6 5. b3 Bd6 6. Bb2 O-O 7. d3 Nbd7 8. Nbd2
Re8 9. e4 e5 10. exd5 cxd5 11. Re1 b5 12. Re2 Qb6 13. h3 a5 14. c4 Bb7 15. Qe1
d4 16. cxb5 Qxb5 17. Nc4 Bb4 18. Qd1 Ra6 19. Ng5 Bxg2 20. Kxg2 Qd5+ 21. f3 Nh5
22. a3 Be7 23. Ne4 Rg6 24. Kh2 f5 25. g4 fxg4 26. fxg4 Nf4 27. Rf2 Bh4 28. Rf3
Rf8 29. Bc1 Bd8 30. Bxf4 exf4 31. Ra2 Bc7 32. Rb2 Nf6 33. Nxf6+ Rfxf6 34. Nd2
Rc6 35. Ne4 Rge6 36. Kg2 Bd8 37. b4 axb4 38. axb4 Ra6 39. Qb3 Qxb3 40. Rxb3
Ra2+ 41. Rf2 Rxf2+ 42. Kxf2 g5 43. Kf3 h6 44. b5 Kf7 45. Rb4 Bb6 46. Ra4 Ke7
47. Rb4 Kd7 48. Rc4 Ba7 49. Ra4 Bb6 50. Rc4 Ba7 1/2-1/2

[Event "Bad Woerishofen op"]
[Site "?"]
[Date "2000.??.??"]
[Round "8"]
[White "Schwabe, Manfred"]
[Black "Berchtold, Peter"]
[Result "1-0"]
[WhiteElo "1719"]
[BlackElo "1275"]
[PlyCount "92"]
[EventDate "2000.??.??"]

1. Nf3 d5 2. g3 c5 3. Bg2 Nc6 4. b3 e5 5. d3 Nf6 6. O-O Bd6 7. Nbd2 O-O 8. e4
d4 9. a4 a5 10. Nc4 Bc7 11. Bg5 h6 12. Bxf6 Qxf6 13. Nfd2 Qg6 14. f3 f5 15.
exf5 Bxf5 16. Ne4 b6 17. Qe2 Rae8 18. Rf2 Nb4 19. Raf1 Nd5 20. Qd2 Kh8 21. Kh1
Ne7 22. c3 Nc8 23. cxd4 exd4 24. f4 Nd6 25. Ncxd6 Bxd6 26. Re1 Bc7 27. Bf3 Qf7
28. Qd1 Qd7 29. Rfe2 Bg4 30. Bxg4 Qxg4 31. Kg2 Qg6 32. Nf2 Rxe2 33. Qxe2 Bxf4
34. Qe6 Qxe6 35. Rxe6 Bc7 36. Ne4 Kg8 37. Rc6 Bd8 38. h4 Rf7 39. Nd2 Re7 40.
Nc4 Rb7 41. Rc8 Rd7 42. Nxb6 Rd6 43. Nc4 Rd5 44. Nxa5 c4 45. Nxc4 Kf7 46. Rb8
Rd7 1-0

[Event "Bad Woerishofen op"]
[Site "?"]
[Date "2000.??.??"]
[Round "2"]
[White "Schweitzer, Paul"]
[Black "Glas, Stefan"]
[Result "0-1"]
[WhiteElo "1690"]
[BlackElo "1949"]
[PlyCount "88"]
[EventDate "2000.??.??"]

1. Nf3 d5 2. c3 Nf6 3. d4 Bf5 4. Nbd2 e6 5. e3 Bd6 6. Nh4 Bg6 7. Be2 Nbd7 8.
Ndf3 Bh5 9. g3 O-O 10. Qc2 c5 11. Qa4 Ne4 12. Ng2 f5 13. Nf4 Bf7 14. dxc5 Ndxc5
15. Qd1 a5 16. h4 a4 17. Bd2 e5 18. Nh3 h6 19. Rb1 Bh5 20. Qc2 Bg4 21. Nfg1 Qd7
22. Bf3 Qb5 23. c4 dxc4 24. Bxe4 fxe4 25. Bc3 Nd3+ 26. Kf1 Rf6 27. Rd1 Raf8 28.
Rd2 Qd7 29. b3 axb3 30. axb3 b5 31. bxc4 bxc4 32. Rh2 Qa7 33. Nf4 exf4 34. Bxf6
fxg3 35. Qxc4+ Kh8 36. Rg2 Rxf6 37. Ra2 Qxe3 38. Qc3 Kh7 39. Qd2 Qb6 40. f3
Qb1+ 41. Ke2 Nf4+ 42. Qxf4 Bxf4 43. Ra7 exf3+ 44. Nxf3 Re6# 0-1

[Event "Bad Woerishofen op"]
[Site "?"]
[Date "2000.??.??"]
[Round "4"]
[White "Schweitzer, Paul"]
[Black "Sanna, Giuseppe"]
[Result "0-1"]
[WhiteElo "1690"]
[BlackElo "1615"]
[PlyCount "142"]
[EventDate "2000.??.??"]

1. Nf3 Nf6 2. g3 d5 3. Bg2 c6 4. d3 Bg4 5. Nbd2 e6 6. O-O Bd6 7. c4 O-O 8. Qb3
Qb6 9. e4 Qxb3 10. axb3 dxe4 11. Nxe4 Nxe4 12. dxe4 e5 13. Be3 Na6 14. Rfd1 Bc7
15. h3 Be6 16. Ne1 f6 17. f4 Rfd8 18. Rxd8+ Rxd8 19. f5 Bf7 20. Bf1 Bb6 21. Kf2
Nc5 22. Bxc5 Bxc5+ 23. Ke2 a6 24. Nd3 Bd4 25. Rc1 a5 26. Ra1 b6 27. g4 h5 28.
Bg2 c5 29. Ra2 Kf8 30. Bf3 hxg4 31. hxg4 Ke7 32. Bg2 Rh8 33. Kf3 Ra8 34. Nc1
Be8 35. Ke2 Bc6 36. Kf3 Rd8 37. Bf1 Bg1 38. Ra1 Rd1 39. Be2 Rd2 40. Nd3 Bd4 41.
Rb1 Bxe4+ 42. Kxe4 Rxe2+ 43. Kd5 Kd7 44. Rh1 Rg2 45. Rh4 Bg1 46. Ke4 Kd6 47.
Kf3 Rh2 48. Rh5 Rxh5 49. gxh5 Bd4 50. Ke4 Kc6 51. Kf3 b5 52. Ke4 a4 53. cxb5+
Kxb5 54. bxa4+ Kxa4 55. Kd5 Kb3 56. Ke6 e4 57. Nc1+ Kxb2 58. Ne2 Be3 59. Kd5
Kc2 60. Kxe4 Kd2 61. Kf3 c4 62. Ng3 Bh6 63. Ne4+ Kc2 64. Ke2 c3 65. Nc5 Kb1 66.
Na4 c2 67. Nc3+ Kb2 68. Nd1+ cxd1=Q+ 69. Kxd1 Kc3 70. Ke2 Kd4 71. Kf3 Ke5 0-1

[Event "Bad Woerishofen op"]
[Site "?"]
[Date "2000.??.??"]
[Round "6"]
[White "Schweitzer, Paul"]
[Black "Laux, Dieter"]
[Result "0-1"]
[WhiteElo "1690"]
[BlackElo "1423"]
[PlyCount "76"]
[EventDate "2000.??.??"]

1. Nf3 f5 2. d4 Nf6 3. g3 g6 4. Bg2 Bg7 5. O-O O-O 6. c4 d6 7. Nc3 Qe8 8. Re1
Qf7 9. Qb3 h6 10. Bd2 Na6 11. Rac1 c6 12. Red1 Rb8 13. e3 Bd7 14. Be1 Rfd8 15.
Ne2 Ne4 16. a3 g5 17. Qc2 c5 18. Nd2 Nxd2 19. Bxd2 b5 20. b3 Nc7 21. Ba5 Rdc8
22. dxc5 bxc4 23. bxc4 Rb2 24. Qd3 d5 25. Bxc7 Rxe2 26. Qxe2 Rxc7 27. cxd5 Qf6
28. d6 exd6 29. Bd5+ Kh7 30. Bb3 dxc5 31. Qc4 Kg6 32. g4 fxg4 33. Rxd7 Rxd7 34.
Bc2+ Kh5 35. h3 gxh3 36. Bd1+ Rxd1+ 37. Rxd1 Qf3 38. Qf1 Be5 0-1

[Event "Bad Woerishofen op"]
[Site "?"]
[Date "2000.??.??"]
[Round "8"]
[White "Schweitzer, Paul"]
[Black "Wenz, Franz"]
[Result "1-0"]
[WhiteElo "1690"]
[BlackElo "1320"]
[PlyCount "109"]
[EventDate "2000.??.??"]

1. Nf3 d5 2. d4 Nf6 3. g3 Bf5 4. Bg2 Nbd7 5. O-O h6 6. a4 c5 7. c3 Qc7 8. Na3
a6 9. Bf4 Qb6 10. Qc1 Rc8 11. dxc5 Nxc5 12. Be3 e6 13. Nd4 Nb3 14. Nxf5 Bc5 15.
Nxg7+ Kd7 16. Nc4 Qc7 17. Qd1 Nxa1 18. Bf4 Qd8 19. Ne5+ Ke7 20. Qxa1 Qg8 21. b4
Ba7 22. Nxe6 fxe6 23. c4 Ne4 24. cxd5 exd5 25. Bxe4 dxe4 26. b5 a5 27. Qe1 Bb6
28. Qb1 Qh7 29. Qd1 Rhd8 30. Qa1 Bd4 31. Qa3+ Bc5 32. Qa2 Rf8 33. Qd5 Bd6 34.
Qxb7+ Rc7 35. Qd5 Rxf4 36. gxf4 Qg7+ 37. Kh1 Bxe5 38. fxe5 Rd7 39. Qxe4 Qf7 40.
Qh4+ Ke8 41. Qe4 Qe6 42. Rg1 Qd5 43. Qxd5 Rxd5 44. e3 Kf7 45. Rg4 Rxe5 46. Kg2
h5 47. Rd4 Ke6 48. Kf3 Rf5+ 49. Rf4 Rc5 50. Re4+ Kd6 51. Rd4+ Kc7 52. Ke4 Rg5
53. h3 Rg1 54. Kd5 Rc1 55. Rc4+ 1-0